000 00299nam a2200133Ia 4500
100 _aCarter/V.E
942 _cBK
654 _aTesting For Metal
245 _aCorrosion Testing For Metal Finishing
260 _bButtersworth
_aLondon
_c1982
082 _a620.1
300 _a121
546 _aENGLISH
999 _c26672
_d26672